5HLuxD.jpg

KING HENRY VIII SENIOR AND PRIMARY SCHOOL LIBRARY OPAC

Trouble on Thunder Mountain / (Record no. 1638)

000 -LEADER
fixed length control field 00951 am a2200313ua 4500
001 - CONTROL NUMBER
control field 010071527
003 - CONTROL NUMBER IDENTIFIER
control field OSt
005 - DATE AND TIME OF LATEST TRANSACTION
control field 20230116173013.0
008 - FIXED-LENGTH DATA ELEMENTS--GENERAL INFORMATION
fixed length control field 990809s1999 enka j| 000 1|eng
015 ## - NATIONAL BIBLIOGRAPHY NUMBER
National bibliography number GB99Y7757
Source bnb
020 ## - INTERNATIONAL STANDARD BOOK NUMBER
International Standard Book Number 9780571193592
039 0# - LEVEL OF BIBLIOGRAPHIC CONTROL AND CODING DETAIL [OBSOLETE]
Level of rules in bibliographic description 2553
040 ## - CATALOGING SOURCE
Original cataloging agency StDuBDS
Modifying agency Uk
-- KH8
Transcribing agency .
082 04 - DEWEY DECIMAL CLASSIFICATION NUMBER
Classification number 813.54 HOB
Edition number 21
100 1# - MAIN ENTRY--PERSONAL NAME
Personal name Hoban, Russell.
Relator term author
245 10 - TITLE STATEMENT
Title Trouble on Thunder Mountain /
Statement of responsibility, etc. [written by] Russell Hoban and [illustrated by] Quentin Blake.
260 ## - PUBLICATION, DISTRIBUTION, ETC.
Place of publication, distribution, etc. London :
Name of publisher, distributor, etc. Faber,
Date of publication, distribution, etc. 1999.
300 ## - PHYSICAL DESCRIPTION
Extent 40 p. :
Other physical details col. ill. ;
Dimensions 22 cm.
336 ## - CONTENT TYPE
Content type term text
Source rdacontent
337 ## - MEDIA TYPE
Media type term unmediated
Source rdamedia
338 ## - CARRIER TYPE
Carrier type term volume
Source rdacarrier
650 #0 - SUBJECT ADDED ENTRY--TOPICAL TERM
Topical term or geographic name entry element Dinosaurs
Form subdivision Juvenile fiction.
650 #0 - SUBJECT ADDED ENTRY--TOPICAL TERM
Topical term or geographic name entry element Mountains
Form subdivision Juvenile fiction.
650 #0 - SUBJECT ADDED ENTRY--TOPICAL TERM
Topical term or geographic name entry element Amusement parks
Form subdivision Juvenile fiction.
655 07 - INDEX TERM--GENRE/FORM
Genre/form data or focus term Fantasy fiction.
Source of term gsafd
655 07 - INDEX TERM--GENRE/FORM
Genre/form data or focus term Children's stories.
Source of term lcsh
700 1# - ADDED ENTRY--PERSONAL NAME
Personal name Blake, Quentin.
Relator term Author
942 ## - ADDED ENTRY ELEMENTS (KOHA)
Source of classification or shelving scheme
Koha item type Books - Non Ficton
Holdings
Withdrawn status Lost status Source of classification or shelving scheme Damaged status Not for loan Collection code Permanent Location Current Location Shelving location Date acquired Total Checkouts Full call number Barcode Date last seen Date last checked out Price effective from Koha item type
          Non-Fiction KH8 Primary School Library KH8 Primary School Library Non Fiction 2023-01-16 2 813.54 HOB KHPL000003397 2025-12-05 2023-11-02 2023-01-16 Books - Non Ficton

Powered By KH8 IT Dept